| 000 | 00794nam a22002177a 4500 | ||
|---|---|---|---|
| 999 |
_c2302 _d2302 |
||
| 001 | 2302 | ||
| 003 | BD-JhCC | ||
| 005 | 20171031211948.0 | ||
| 008 | 171031s1957 ii |||| |||| 000 0 ben d | ||
| 035 | _a(BD-JhCC)2302 | ||
| 040 |
_aBD-JhCC _dBD-JhCC |
||
| 041 | _aeng | ||
| 082 |
_a923.1 _bBAN 1957 |
||
| 100 | _aবন্দোপাধ্যায়, ব্রজেন্দ্রনাথ | ||
| 245 |
_aহরপ্রসাদ শাস্ত্রী / _cব্রজেন্দ্রনাথ বন্দোপাধ্যায় |
||
| 260 |
_aকলকাতা : _bবঙ্গীয় সাহিত্য পরিষদ, _c১৯৫৭. |
||
| 300 |
_a৮০ পৃ. : _c২২ সেমি. |
||
| 650 | _aHaraprashad Shastri Biography | ||
| 942 |
_2ddc _cBK |
||